[Event "HUN-chT2 Barcza 0809"]
[Site "Hungary"]
[Date "2009.04.05"]
[Round "10.3"]
[White "Bai, Attila"]
[Black "Kovacs, Laszlo2"]
[Result "0-1"]
[WhiteElo "2210"]
[BlackElo "2042"]
[PlyCount "108"]
[EventDate "2008.10.26"]
[EventType "tourn"]
[EventRounds "11"]
[EventCountry "HUN"]
[SourceTitle "EXT 2010"]
[Source "ChessBase"]
[SourceDate "2010.11.25"]
[SourceVersion "1"]
[SourceVersionDate "2010.11.25"]
[SourceQuality "1"]
[WhiteTeam "Miskolc EMSE II"]
[BlackTeam "Edeleny"]
[WhiteTeamCountry "HUN"]
[BlackTeamCountry "HUN"]

1. d4 Nf6 2. c4 e6 3. Nf3 c5 4. e3 b6 5. Nc3 Bb7 6. Be2 a6 7. a4 Qc7 8. Qc2 Nc6 9. 0-0 Bd6 10. Rd1 Rc8 11. h3 0-0 12. b3 Rfd8 13. Bb2 cxd4 14. exd4 Bf4 15. Ba3 d6 16. b4 Ne7 17. c5 dxc5 18. dxc5 bxc5 19. bxc5 Nf5 20. Rxd8+ Rxd8 21. Rd1 Rc8 22. Qb3 Nd7 23. Qc4 h6 24. Rxd7 Qxd7 25. Qxf4 Bxf3 26. Bxf3 Qd3 27. Qb4 Nd4 28. Be4 Qxc3 29. Qxc3 Ne2+ 30. Kf1 Nxc3 31. Bb7 Rd8 32. f3 a5 33. c6 Rd1+ 34. Kf2 Nd5 35. Ke2 Rd4 36. Bd6 Rc4 37. Kd3 Rc3+ 38. Kd4 Rc1 39. f4 g5 40. f5 Kg7 41. fxe6 fxe6 42. Ke5 Kf7 43. Bc8 Re1+ 44. Kd4 Ne7 45. Bxe7 Kxe7 46. Kc5 Kd8 47. Ba6 Kc7 48. Bb5 Re4 49. Bc4 Rxc4+ 50. Kxc4 Kxc6 51. Kd4 Kd6 52. g4 e5+ 53. Ke4 Ke6 54. Kd3 Kd5 0-1

[Event "HUN-chT2 Barcza 0809"]
[Site "Hungary"]
[Date "2009.02.22"]
[Round "8.2"]
[White "Balogh, Sandor"]
[Black "Bai, Attila"]
[Result "1-0"]
[WhiteElo "2194"]
[BlackElo "2210"]
[PlyCount "137"]
[EventDate "2008.10.26"]
[EventType "tourn"]
[EventRounds "11"]
[EventCountry "HUN"]
[SourceTitle "EXT 2010"]
[Source "ChessBase"]
[SourceDate "2010.11.25"]
[SourceVersion "1"]
[SourceVersionDate "2010.11.25"]
[SourceQuality "1"]
[WhiteTeam "Debrecen Betu"]
[BlackTeam "Edeleny"]
[WhiteTeamCountry "HUN"]
[BlackTeamCountry "HUN"]

1. e4 c5 2. Nf3 Nc6 3. c3 d5 4. exd5 Qxd5 5. d4 e6 6. Be2 Nf6 7. Na3 Bd7 8. 0-0 0-0-0 9. Ng5 Be8 10. Bf3 Qf5 11. g4 Qg6 12. h4 h5 13. gxh5 Nxh5 14. Qc2 Qxc2 15. Nxc2 cxd4 16. Bxc6 bxc6 17. cxd4 Be7 18. Be3 Nf6 19. Nf3 Nd5 20. Kg2 f6 21. Rac1 Bg6 22. Nce1 Kd7 23. Rg1 Be4 24. Kf1 g6 25. Ke2 Rb8 26. Nd3 Bxd3+ 27. Kxd3 Rxb2 28. Rxg6 Rxa2 29. Rgg1 Rb8 30. Rb1 Nb4+ 31. Ke4 f5+ 32. Kf4 Nd3+ 33. Kg3 Rg8+ 34. Ng5 Bxg5 35. hxg5 f4+ 36. Bxf4 Nxf4 37. Kxf4 Rxf2+ 38. Ke3 Rf5 39. g6 Kd6 40. Rb7 a5 41. g7 Rh5 42. Rf1 Rh7 43. Rff7 Kd5 44. Ra7 Rh3+ 45. Kf4 Rh1 46. Rxa5+ Kxd4 47. Rd7+ Kc4 48. Kg5 Kb4 49. Ra6 c5 50. Rb7+ Kc4 51. Rxe6 Rd8 52. Kf6 Rf1+ 53. Ke7 Rg8 54. Rg6 Kd4 55. Rb2 c4 56. Rh2 c3 57. Rh8 Re1+ 58. Kf7 Rxg7+ 59. Kxg7 c2 60. Rd8+ Kc3 61. Rc8+ Kb2 62. Rg2 Rc1 63. Rf2 Kb1 64. Kf6 Kb2 65. Re2 Kb1 66. Ke5 Kb2 67. Ke4 Kb3 68. Ke3 Kb2 69. Kd3 1-0

[Event "HUN-chT2 Barcza 0809"]
[Site "Hungary"]
[Date "2009.02.08"]
[Round "7.1"]
[White "Deak, Sandor"]
[Black "Bai, Attila"]
[Result "1-0"]
[WhiteElo "2311"]
[BlackElo "2210"]
[PlyCount "67"]
[EventDate "2008.10.26"]
[EventType "tourn"]
[EventRounds "11"]
[EventCountry "HUN"]
[SourceTitle "EXT 2010"]
[Source "ChessBase"]
[SourceDate "2010.11.25"]
[SourceVersion "1"]
[SourceVersionDate "2010.11.25"]
[SourceQuality "1"]
[WhiteTeam "TEVA SE"]
[BlackTeam "Edeleny"]
[WhiteTeamCountry "HUN"]
[BlackTeamCountry "HUN"]

1. d4 Nf6 2. c4 e6 3. Nf3 c5 4. e3 b6 5. Nc3 Bb7 6. d5 exd5 7. cxd5 a6 8. a4 d6 9. Be2 Qe7 10. 0-0 g6 11. e4 Nbd7 12. Nd2 Bg7 13. f4 0-0 14. Bf3 Rab8 15. Ra3 h6 16. Rb3 Bc8 17. Re1 Ne8 18. Nc4 g5 19. e5 gxf4 20. e6 Ne5 21. Nxb6 c4 22. Nxc4 Nxc4 23. Rxb8 Qa7+ 24. Kh1 Qxb8 25. e7 Be5 26. Qc2 Nf6 27. exf8Q+ Kxf8 28. Ne4 Qb4 29. Nd2 Nb6 30. b3 Bc3 31. Ba3 Qd4 32. Bxd6+ Kg7 33. Be5 Qxd2 34. Qxc3 1-0

[Event "HUN-chT2 Barcza 0809"]
[Site "Hungary"]
[Date "2009.01.25"]
[Round "6.3"]
[White "Bai, Attila"]
[Black "Herczeg, Tibor"]
[Result "1-0"]
[WhiteElo "2210"]
[BlackElo "2177"]
[PlyCount "41"]
[EventDate "2008.10.26"]
[EventType "tourn"]
[EventRounds "11"]
[EventCountry "HUN"]
[SourceTitle "EXT 2010"]
[Source "ChessBase"]
[SourceDate "2010.11.25"]
[SourceVersion "1"]
[SourceVersionDate "2010.11.25"]
[SourceQuality "1"]
[WhiteTeam "Edeleny"]
[BlackTeam "SSASSE"]
[WhiteTeamCountry "HUN"]
[BlackTeamCountry "HUN"]

1. d4 d5 2. Nf3 Nf6 3. Bf4 e6 4. e3 Be7 5. Bd3 0-0 6. Nbd2 Nbd7 7. h4 c5 8. c3 Re8 9. g4 g6 10. Ne5 Nxe5 11. dxe5 Nd7 12. g5 Nf8 13. Qg4 f5 14. gxf6 Bxf6 15. h5 Bg7 16. hxg6 hxg6 17. Bxg6 Re7 18. 0-0-0 d4 19. Ne4 Rf7 20. Bxf7+ Kxf7 21. Nd6+ 1-0

[Event "HUN-chT2 Barcza 0708"]
[Site "Hungary"]
[Date "2008.05.18"]
[Round "11"]
[White "Bai, Attila"]
[Black "Belteczky, Marton"]
[Result "1-0"]
[WhiteElo "2197"]
[BlackElo "2042"]
[PlyCount "37"]
[EventDate "2007.10.14"]
[EventType "team-tourn"]
[EventRounds "11"]
[EventCountry "HUN"]
[SourceTitle "EXT 2009"]
[Source "ChessBase"]
[SourceDate "2008.11.26"]
[SourceVersion "1"]
[SourceVersionDate "2008.11.26"]
[SourceQuality "1"]
[WhiteTeam "Edeleny"]
[BlackTeam "Piremon"]
[WhiteTeamCountry "HUN"]
[BlackTeamCountry "HUN"]

1. d4 d5 2. Nf3 e6 3. Bg5 Nf6 4. e3 Be7 5. Bd3 0-0 6. Nbd2 Nbd7 7. h4 h6 8. Bf4 c5 9. c3 c4 10. Bc2 b5 11. Ne5 Bb7 12. g4 Nxe5 13. dxe5 Ne4 14. g5 hxg5 15. hxg5 g6 16. Qf3 Kg7 17. 0-0-0 Qa5 18. Nxe4 dxe4 19. Rh7+ 1-0

[Event "HUN-chT2 Barcza 0708"]
[Site "Hungary"]
[Date "2007.12.16"]
[Round "5"]
[White "Bai, Attila"]
[Black "Orban, Zoltan"]
[Result "1-0"]
[WhiteElo "2197"]
[BlackElo "1973"]
[PlyCount "61"]
[EventDate "2007.10.14"]
[EventType "team-tourn"]
[EventRounds "11"]
[EventCountry "HUN"]
[SourceTitle "EXT 2009"]
[Source "ChessBase"]
[SourceDate "2008.11.26"]
[SourceVersion "1"]
[SourceVersionDate "2008.11.26"]
[SourceQuality "1"]
[WhiteTeam "Edeleny"]
[BlackTeam "Tiszaujvaros"]
[WhiteTeamCountry "HUN"]
[BlackTeamCountry "HUN"]

1. d4 Nc6 2. d5 Ne5 3. e4 Nf6 4. f4 Ng6 5. e5 Ne4 6. Qd4 f5 7. Nd2 c5 8. Qa4 Nxd2 9. Bxd2 Qb6 10. 0-0-0 a5 11. e6 Kd8 12. h4 h5 13. Bb5 dxe6 14. dxe6 Kc7 15. Bd7 Rh6 16. Nf3 Bxd7 17. Qxd7+ Kb8 18. Be3 Qc7 19. Qd8+ Qc8 20. Rd5 Ra6 21. Qxc8+ Kxc8 22. Rxc5+ Kb8 23. Rd1 b6 24. Rd8+ Kb7 25. Rxf5 Rh8 26. Rfd5 Rg8 27. R5d7+ Kc6 28. Nd4+ Kc5 29. Rc8+ Kb4 30. a3+ Ka4 31. Rc4# 1-0

[Event "HUN-chT2 Barcza 0607"]
[Site "Hungary"]
[Date "2007.04.29"]
[Round "9"]
[White "Kelemen, Imre"]
[Black "Bai, Attila"]
[Result "1-0"]
[WhiteElo "2101"]
[BlackElo "2194"]
[PlyCount "81"]
[EventDate "2006.11.12"]
[EventType "team-tourn"]
[EventRounds "11"]
[EventCountry "HUN"]
[SourceTitle "EXT 2008"]
[Source "ChessBase"]
[SourceDate "2007.11.25"]
[SourceVersion "1"]
[SourceVersionDate "2007.11.25"]
[SourceQuality "1"]
[WhiteTeam "Lokomotiv"]
[BlackTeam "Edeleny II"]
[WhiteTeamCountry "HUN"]
[BlackTeamCountry "HUN"]

1. Nf3 c5 2. g3 g6 3. Bg2 Bg7 4. 0-0 e5 5. d3 Ne7 6. c4 0-0 7. Nc3 Nbc6 8. Be3 d6 9. Qc1 Nf5 10. Bd2 h5 11. e4 Nfd4 12. Nxd4 exd4 13. Nd5 Ne5 14. f4 Nxd3 15. Qc2 Nb4 16. Nxb4 cxb4 17. Bxb4 Qb6 18. Qd2 a5 19. Ba3 Be6 20. Rac1 Rfc8 21. Qd3 Qa6 22. b3 a4 23. f5 axb3 24. fxe6 Qxa3 25. exf7+ Kf8 26. axb3 Be5 27. Bh3 Rc5 28. Qd2 Bg7 29. Rf3 b5 30. Be6 bxc4 31. Bxc4 Rac8 32. Rff1 Qa8 33. Qf4 Qb8 34. Ra1 Re5 35. Rfd1 Qb6 36. Ra6 Qc5 37. Rda1 d3+ 38. Kf1 Qd4 39. Ra8 Rec5 40. Bd5 Ke7 41. R1a7+ 1-0

[Event "HUN-chT 0607"]
[Site "Hungary"]
[Date "2007.03.25"]
[Round "7"]
[White "Bai, Attila"]
[Black "Molnar, Bela"]
[Result "0-1"]
[WhiteElo "2201"]
[BlackElo "2356"]
[PlyCount "54"]
[EventDate "2006.11.12"]
[EventType "team-tourn"]
[EventRounds "11"]
[EventCountry "HUN"]
[SourceTitle "EXT 2008"]
[Source "ChessBase"]
[SourceDate "2007.11.25"]
[SourceVersion "1"]
[SourceVersionDate "2007.11.25"]
[SourceQuality "1"]
[WhiteTeam "Edeleny"]
[BlackTeam "Paks"]
[WhiteTeamCountry "HUN"]
[BlackTeamCountry "HUN"]

1. d4 e6 2. Nf3 c5 3. e3 Nf6 4. Bd3 b6 5. b3 Bb7 6. 0-0 g6 7. dxc5 Bg7 8. Bb2 bxc5 9. e4 Nc6 10. Na3 0-0 11. Re1 d5 12. e5 Nd7 13. Nb5 Qb8 14. Qe2 a6 15. Na3 a5 16. h4 h5 17. Rad1 a4 18. Kf1 axb3 19. axb3 Ndxe5 20. Nxe5 Nxe5 21. Bxe5 Bxe5 22. Qxe5 Qxe5 23. Rxe5 Rxa3 24. c4 Rxb3 25. cxd5 Rxd3 26. Rxd3 Ba6 27. Ke2 Rd8 0-1